Ciências da terra e da vida: 11º ano

Saved in:
Bibliographic Details
Main Author: Carvalho, La Salete
Other Authors: Varela, António
Format: Unknown
Language:Portuguese
Published: Porto Porto Editora 2003
Edition:[1ª ed.]
Textbook Catalogue:MANES:  Library Catalog Search Result
Textbook Classification:
Series:Guias de estudo
Tags: Add Tag
No Tags, Be the first to tag this record!
Added to:2016-04-26
Changed in:2025-04-25

MARC

LEADER 000000000a22000000004500
001 30610
003 OSt
005 20250425111544.0
008 160427s pt ||||| |||| 00| 0 por d
040 |c centro_manes 
041 1 |a por 
100 1 |a Carvalho, La Salete  |9 16267 
245 0 0 |a Ciências da terra e da vida: 11º ano 
250 |a [1ª ed.] 
260 3 |a Porto  |b Porto Editora  |c 2003 
300 |a 383 p.;  |c 30 cm 
440 |a Guias de estudo  |9 15128 
500 |a Bibliografia, p. 382-383 
561 |5 pt-BNP  |a Portugal. Biblioteca Nacional de Portugal  |k MANES 
690 |a CN 
691 |a SE 
700 1 |a Varela, António  |9 16268 
942 |2 ddc  |c BK 
546 |a Portugal 
999 |c 32072  |d 32072 
999 |c manes:32072  |d 32072